| 000 | 01170nam a2200229Ia 4500 | ||
|---|---|---|---|
| 001 | L310-23477 | ||
| 003 | IT-CnALBA | ||
| 008 | 170116s9999||||xx |||||||||||||| ||und|| | ||
| 040 |
_aIT-CnALBA _cIT-CnALBA |
||
| 041 | _aITALIANO | ||
| 100 | _aBERZANO LUIGI | ||
| 245 | 0 | _aFEDE MARGINALE IN UN PAESE CRISTIANO. APPUNTI DI UNA RICERCA SULLA RELIGIOSITÀ DEGLI ABITANTI DI CAPRANICA. | |
| 250 | _a1a ed. | ||
| 260 |
_aCINISELLO BALSAMO (MI) _bEDIZIONI PAOLINE _c1974 [1° Ed.:1974 - Ed.Ling.Originale: 1974] |
||
| 300 | _a78 p. | ||
| 500 | _aMETODOLOGIA DELLA RICERCA. CREDENZE. COMPORTAMENTO RITUALE. AMORE PERDONO DIVORZIO. RAPPORTI PREMATRIMONIALI. SCHEDE. PRATICA DOMENICALE. ADULTI BAAMBINI. MISSIONE. INCONTRI ARGOMENTI. PROPOSTE. QUESTIONARI. | ||
| 501 | _aSocietà San Paolo EM - Piazza San Paolo, 14 - 12051 ALBA (CN) (non commercial uses only) ® Copyright 2017 | ||
| 520 | _aMETODOLOGIA DELLA RICERCA. CREDENZE. COMPORTAMENTO RITUALE. AMORE PERDONO DIVORZIO. RAPPORTI PREMATRIMONIALI. SCHEDE. PRATICA DOMENICALE. ADULTI BAAMBINI. MISSIONE. INCONTRI ARGOMENTI. PROPOSTE. QUESTIONARI. | ||
| 650 | _aSTATISTICA | ||
| 942 | _cBK | ||
| 957 | _71 | ||
| 999 |
_a28218 _bNO _g Copie: 1 _c282577 _d282577 |
||